|
|
|
|
| LEADER |
00000nab a2200000 a 4500 |
| 001 |
vtls000725862 |
| 003 |
SK-MaSNL |
| 005 |
20260304121503.0 |
| 008 |
250429c2000 xo 0 slo |
| 015 |
|
|
|a SNBRB2000/06-17493
|
| 035 |
|
|
|a CLN000078022
|
| 035 |
|
|
|a urn:nbn:sk:snk-abbthc
|
| 035 |
|
|
|a (urnnbn)urn:nbn:sk:snk:ar-001ic0
|
| 035 |
|
|
|a (uuid)c53248ad-64f1-4af0-af9c-8c3d4ba588ea
|
| 040 |
|
|
|a SNKBUCL
|b slo
|c SNKBUCL
|e AACR2
|
| 041 |
0 |
|
|a eng
|
| 044 |
|
|
|a xo
|c SK
|
| 080 |
|
|
|a 669.018.58:669.094.1
|2 1997
|
| 080 |
|
|
|a 669.094.1
|2 1997
|
| 080 |
|
|
|a 621.318.2
|2 1997
|
| 245 |
0 |
0 |
|a Hydrogen stability of SmCo5 permanent magnet
|c Alexander A. Lukin ... [et al.]
|
| 300 |
|
|
|b Obr.
|
| 504 |
|
|
|a Res. slov.
|
| 504 |
|
|
|a Bibliogr. odkazy
|
| 650 |
0 |
7 |
|a magnety
|2 SNKPH
|9 87447
|
| 655 |
|
7 |
|a články z novín a časopisov
|2 snkbucl
|9 267496
|
| 700 |
1 |
|
|a Lukin, Aleksandr A.
|4 aut
|9 1421774
|
| 700 |
1 |
|
|a Rabinovič, Jurij M.
|4 aut
|9 1421772
|
| 700 |
1 |
|
|a Bala, Henryk,
|d 1948-
|4 aut
|9 183846
|
| 700 |
1 |
|
|a Szymura, Stefan
|4 aut
|9 1144780
|
| 700 |
1 |
|
|a Žuravlev, Anatolij A.
|4 aut
|9 1426433
|
| 700 |
1 |
|
|a Wiechuła, Jerzy
|4 aut
|9 1426434
|
| 773 |
0 |
|
|t Kovové materiály
|g Roč. 38, č. 2 (2000), s. 107-115
|x 0023-432X
|
| 850 |
|
|
|a Slovenská národná knižnica
|
| 852 |
|
|
|a Slovenská národná knižnica
|
| 958 |
|
|
|a article15
|
| 958 |
|
|
|a NB
|
| 958 |
|
|
|a OND
|
| 958 |
|
|
|a EUIPO
|
| 992 |
|
|
|a RBX
|
| 999 |
|
|
|c 2885321
|d 2887251
|